| 000 | 00764nam a2200205 a 4500 | ||
|---|---|---|---|
| 003 | 0 | ||
| 005 | 20250311164446.0 | ||
| 008 | 090729s19uu xx 00 eng d | ||
| 050 |
_aPHS LC 65 _b.C545 2009 |
||
| 100 | _aChoi, Nak Hee. | ||
| 245 |
_aStudents' awareness about economic crisis and the teenagers' propensity to save / _cNak Hee Choi. |
||
| 260 |
_aLas PiƱas City, Philippines : _bSouthville International School and Colleges, _c2009. |
||
| 300 |
_a34 pages : _billustrations ; _c28 cm. |
||
| 504 | _aIncludes bibliographical references. | ||
| 650 |
_aEducation _xEconomic aspects. |
||
| 650 |
_aEconomic crises _xPsychological aspects. |
||
| 650 |
_aTeenagers _xEconomic conditions. |
||
| 650 |
_aSaving and investment _xTeenagers. |
||
| 942 |
_2lcc _cPASS |
||
| 999 |
_c98289 _d98289 |
||